| 000 | 00597nam a2200205 a 4500 | ||
|---|---|---|---|
| 001 | 000024483 | ||
| 005 | 20240412074251.0 | ||
| 008 | 110128s2010 dr 001 j spa d | ||
| 020 | _a9781426919824 | ||
| 040 |
_aDO-SdBNP _bspa _cBNPHU |
||
| 090 |
_aRD863.5 _bD419m |
||
| 100 | 1 |
_aDepatlaura, M. _950183 |
|
| 245 | 1 | 3 |
_aUn metro cuadrado : _bdiez cuentos / _cM. Depatlaura. |
| 260 |
_aSanto Domingo : _bBúho, _c2010. |
||
| 300 |
_a121 p. ; _c21 cm. |
||
| 650 | 0 |
_aCuentos dominicanos _9176 |
|
| 650 | 0 |
_aLiteratura dominicana. _967 |
|
| 910 | _aValidado. Control de calidad MFF | ||
| 049 | _aBNPD | ||
| 999 |
_c23976 _d23976 |
||